000 00212nam a2200097Ia 4500
008 170627s9999 xx 000 0 und d
100 _aMITHANI-M
245 0 _aMANAGERIAL ECONOMICS
260 _bHIMALAYA
260 _c2010
546 _aENGLISH
999 _c35851
_d35851